Villes traversées par l'autoroute A85 - Statistiques

Statistiques générales
  • Ce quiz a été pris 25 fois
  • Le résultat moyen est 5 sur 6
Statistiques - réponses
ville population kilomètre % Correct
Tours 138 486 100
100%
Angers 160 021 0
96%
Saumur 26 215 39
91%
Vierzon 25 348 206
87%
Joué-lès-Tours 38 528 96
74%
Romorantin-Lanthenay 18 279 182
61%
Aucun quiz correspondant
Distribution des résultats
% des personnes avec chaque résultat
Percentile par nombre de réponses
Votre historique - résultats
Vous n’avez pas pris ce quiz